00473nam a22001697a 450000500170000001000150001702000260003203500130005803700130007108200060008410000230009024500470011326000380016027000600019830000220025870000230028020160726122045.0 aENG-115533 a9789382303671c300.00 aEN-99065 bDBAD/PUB aN a D'sylva,Christine a Bollywood princess/bby Christine D'sylva aKolkatabSmiriti Publishersc2014 a"Oasis" CF-41 Sector 1 Salt Lake City bKolkatae700064 a287p. c17cm(pbk) aRoy, Partha Pratim